Operating Systems Concepts, Policies, and Mechanisms

Guardado en:
Detalles Bibliográficos
Autor principal: Pinkert, James R.
Otros Autores: Wear, Larry L.
Formato: Libro
Lenguaje:inglés
Publicado: Englewood Cliffs Prentice-Hall 1989
Edición:1. ed.
Etiquetas: Agregar Etiqueta
Sin Etiquetas, Sea el primero en etiquetar este registro!

MARC

LEADER 00000nam a2200000 4500
001 c035006
005 20221215114244.2
041 0 |a eng 
044 |a US 
245 1 0 |a Operating Systems  |b Concepts, Policies, and Mechanisms  |c James R. Pinkert, Larry L. Wear 
250 |a 1. ed. 
264 1 |a Englewood Cliffs  |b Prentice-Hall  |c 1989 
300 |a 356 s. 
100 1 |a Pinkert, James R. 
700 1 |a Wear, Larry L.